Problémes Économiques sélection de textes francais et étrangers

Na minha lista:
Detalhes bibliográficos
Formato: Periódico
Idioma:francês
Publicado em: Paris Documentation Francaise 1972
Tags: Adicionar Tag
Sem tags, seja o primeiro a adicionar uma tag!

MARC

LEADER 00000nas2a22000001 4500
001 0013225
005 20250730114314.8
041 0 |a fre 
044 |a FR 
245 1 0 |a Problémes Économiques  |b sélection de textes francais et étrangers 
264 1 |a Paris  |b Documentation Francaise  |c 1972 
300 |a 1 zv. 
773 0 |w eu_un_cat*s120258